000 00267nam a2200121Ia 4500
008 191201s2014 xx 000 0 und d
100 _aSINGH, IK Vinod Pal
245 0 _aSystem Software
260 _bKhanna
_c2014
300 _a383
650 _aMCA
942 _2ddc
_cBK
999 _c7163
_d7163